000 00293nam a22001337a 4500
008 170324b xxu||||| |||| 00| 0 eng d
020 _a9780399525674
041 _aeng
080 _a615.83
100 _a8
101 _aSHM
245 _aA WOMAN'S BOOK OF BALANCE
_cANDES, K
942 _2udc
_cBK
999 _c8594
_d8594